Angelina Jolie Movies - Statistics

General Stats
  • This quiz has been taken 1,544 times
    1,543 since last reset
  • The average score is 9 of 33
Answer Stats
Year Movie % Correct
2005 Mr. and Mrs. Smith
92%
2001 Lara Croft: Tomb Raider
85%
2010 Salt
68%
1999 Girl, Interrupted
59%
2003 Lara Croft Tomb Raider: The Cradle of Life
52%
2008 Wanted
51%
2010 The Tourist
50%
2008 Changeling
45%
2008 Kung Fu Panda
39%
2000 Gone in Sixty Seconds
34%
1995 Hackers
34%
2011 Kung Fu Panda 2
33%
2004 Shark Tale
29%
1999 The Bone Collector
28%
2007 Beowulf
23%
2001 Original Sin
23%
2004 Taking Lives
23%
2004 Alexander
22%
2007 A Mighty Heart
19%
1999 Pushing Tin
15%
2003 Beyond Borders
14%
2002 Life Or Something Like It
14%
1996 Foxfire
13%
2004 Sky Captain and the World of Tomorrow
12%
2006 The Good Shepherd
12%
1998 Playing By Heart
8%
1998 Hell's Kitchen
7%
1997 Playing God
7%
1982 Lookin' To Get Out
6%
1996 Mojave Moon
6%
1996 Love Is All There Is
5%
2004 The Fever
5%
1995 Without Evidence
4%
No matching quizzes found
Score Distribution
Percent of People with Each Score
Percentile by Number Answered
Your Score History
You have not taken this quiz since the last reset